| 000 | 02233nam a2200325 a 4500 | ||
|---|---|---|---|
| 001 | 000013991 | ||
| 003 | DO-SdBNP | ||
| 005 | 20171002094212.0 | ||
| 007 | 000013991 | ||
| 008 | 091202s2006 dr 001 0 spa d | ||
| 020 | _a9993479616 | ||
| 040 |
_aBPMSU _bspa _cBPMSU |
||
| 082 | 4 |
_aRD863.44 _bS211r |
|
| 100 | 1 |
_aSánchez, Enriquillo _d1947- 2004 |
|
| 245 | 1 | 0 |
_aRayada de pez como la noche : _bcuentos completos / _cEnriquillo Sánchez ; compilación, notas y cronología Miguel Collado ; presentación Diómedez Núñez Polanco. |
| 260 |
_aSanto Domingo : _bBiblioteca Nacional Pedro Henríquez Ureña, _c2006. |
||
| 300 |
_a195 p. ; _c23 cm. |
||
| 490 | 1 |
_aBiblioteca Nacional Pedro Henríquez Ureña; _a; Narrativa breve |
|
| 500 | _aIncluye datos biográficos del autor en la solapa de la cubierta | ||
| 505 | 2 | _aPresentación / Diómedes Núñez Polanco -- Cuentos publicados (dispersos): 1966-2002 -- Epicentro de la bruma (1966) -- No pasa de natividad (1967) -- La cloaca (1967) -- Vietnam, hoy en la mañana (1967) -- Flor de los sepulcros (1968) -- Teatro para una inacabable cacería (1972) -- La montaña azul (1974) -- Te regalo un ratón blanco (1975) -- Belinda (homenaje a Julio Cortázar) (1975) -- Rayada de pez como la noche (1992) -- Oferta de empleo (1992) -- Señales de humo (1992) -- Los borrachos, los gallos, la noche (2002) -- Cuentos inéditos -- Papá Anselmo ya no me habla -- Un paso delante, dos paso atrás -- Adusto el anfitrión, malva el perfume -- "Los multifamiliare", compadre --Rosa rosae -- Maritza, no dejes que se te vaya el odio al yanky -- Con el amor a cuestas -- Yo elijo las elecciones -- El traganíquel -- Cabaret 27 -- La consigna -- Arteria del stadium: reportaje -- Reformado en navidad -- Breve cronología literaria de / Enriquillo Sánchez (1947)-2004) -- Miguel Collado | |
| 650 | 4 | _aCUENTOS DOMINICANOS | |
| 650 | 4 | _aLITERATURA DOMINICANA | |
| 700 | 1 |
_aCollado, Miguel, _ecomp. |
|
| 700 | 1 | _aNúñez Polanco, Diómedes | |
| 830 | 0 |
_aBiblioteca Nacional Pedro Henríquez Ureña; _p; Narrativa breve |
|
| 910 | _aValidado. Control de calidad BNPHU | ||
| 942 |
_2ddc _cBK |
||
| 945 | _aInventariado / 2017 VM | ||
| 956 |
_aVMATEO _b10 _c20150424 _lBPMSU _h00151 |
||
| 999 |
_c7695 _d7695 |
||